000 00931nam a2200253Ia 4500
003 OSt
005 20220923211207.0
006 a|||||r|||| 00| 0
007 ta
008 Pun
020 _a9780981830766 (hbk)
_c400
024 _a270,948
037 _b673, 04/06/2013, H.K. Prakashan
_cTextual
040 _aARTS
_cARTS
_bPun
041 _2Pun
_aPun
082 _aO153,1L43x, Q1
100 _aਕਪੂਰ, ਨਵਰਤਨ, ਥਦ.
_9159427
245 0 _aਕੇFੋ ਦਾਸ ਅਤੇ ਕੁFਲ ਦਾਸ ਦੀ ਪਦਾਵਲੀ
260 _aਕੈਲਿਖ਼ੌਰਨੀਆ
_b ਪੰਜਾਬੀ ਐਜੂਕੇFਨਲ ਐੰਡ ਕਲਚਰਲ ਖ਼ਾਊ੍ਵਡੇFਨ
_c2011
300 _a346ਪੰ
_ccm.
650 _aਪੰਜਾਬੀ ਸਾਹਿਤ
942 _hO153,1L43x, Q1
_cTEXL
_2CC
999 _c296648
_d296648